LEADER 00637nam a2200193 i 4500 001 000000216027 003 CaOOAMICUS 005 20250902120454.0 008 121001s1883 xx u000 u fre u 013 $a194904 040 $aSeMil$bita 245 10$aOeuvre vie de Dieu :$bCarême 1875. 250 $a6. éd. 300 $a378 p. 773 0 $tExposition du dogme catholique.$dParis : Édouard Baltenweck, 1883.$w()27062 850 $aSeMil 852 $aSeMil$W1$xVenegono$y1$m2B I 21 FA$j166447$B166447$CSeMilBibl$Z2$F177339 $8I 996 $6245$aOeuvre vie de Dieu :$bCarême 1875$9(OLS)http://semarc/title/310827 LEADER 00944nam a2200229 i 4500 001 000000182831 003 CaOOAMICUS 005 20091031000000.0 008 091031s1980 it u000 u ita u 013 $a160792 040 $aSeMil$bita 100 1 $aBattistella, Giulio,$d<1930-2013>.$0(OLS)http://semarc/name/41062 245 10$aMorire per l'uomo :$bla persecuzione in Argentina /$cGiulio Battistella. 260 $aBologna :$bEMI,$cstampa 1980. 300 $a154 p. ;$c19 cm. 490 0 $aQuaderni Asal ;$vNuova serie15. 650 4$aAmerica Latina.$0(OLS)http://semarc/subject/3504 830 0$aQuaderni Asal ;$vNuova serie15.$0(OLS)http://semarc/title/11326 850 $aSeMil 852 $aSeMil$W1$xVenegono$y1$m3E I 241$j133535$B133535$CSeMilBibl$Z2$F145305 $81 996 $6245$aMorire per l'uomo :$bla persecuzione in Argentina$9(OLS)http://semarc/title/262356 996 $6260$aBologna :$bEMI$9(OLS)http://semarc/publisher/29618